000 01284cam a22002894a 4500
001 14796048
003 OSt
005 20211222145450.0
008 070404s2008 enka b 001 0 eng
010 _a 2007014030
020 _a9780415334532 (hardcover)
020 _a9780415334549 (softcover)
040 _aDLC
_cHU
_dDLC
050 0 0 _aGB561
_b.C475 2008
082 0 0 _a551.3/55
_222
100 1 _aCharlton, Ro.
_924338
245 1 0 _aFundamentals of fluvial geomorphology /
_cRo Charlton.
260 _aLondon ;
_aNew York :
_bRoutledge,
_c2008.
300 _axxiii, 234 p. :
_bill. (some col.) ;
_c26 cm.
504 _aIncludes bibliographical references (p. [211]-223) and index.
505 0 _aThe fluvial system -- The flow regime -- Sediment sources -- Large-scale sediment transfer -- Flow in channels -- Processes of erosion, transport and deposition -- Channel form and behaviour -- System response to change -- Managing river channels.
650 0 _aFluvial geomorphology.
_924339
856 4 1 _3Table of contents only
_uhttp://www.loc.gov/catdir/toc/ecip0714/2007014030.html
906 _a7
_bcbc
_corignew
_d1
_eecip
_f20
_gy-gencatlg
942 _2ddc
_cBOOKS
_n0
999 _c23477
_d23477